1003 1310 1126 1237 1822 1850 1124 1324 1549 1886 1606 1867 1304 1190 1139 1044 1677 1162 1276 1332 1003 1997 1177 1236 1081 1860 1569 1456 1961 1887 1055 1243 1286 1536 1805 1661 1050 1936 1978 1956 1293 1746 1542 1736 1849 1603 1554 1638 1251 1403 1042 1863 1721 1322 1971 1757 1092 1127 1705 1135 1486 1459 1584 1881 1270 1890 1347 1406 1552 1767 1004 1787 1025 1731 1777 1285 1605 1303 1841 1023 1466 1424 1667 1882 1558 1742 1170 1659 1443 1927 1256 1483 1956 1048 1969 1907 1987 1248 1160 BCNSPRNW ULIB Ver.6.0+V

เปลี่ยนเป็นภาษาไทย

Change to English
 แสดงรายละเอียดบรรณานุกรม
  กลับหน้าหลัก

Brief Record : Get Marc (ISO 2709) : E-mail record : QR code < ปิดหน้าต่าง
LEADER : 00000nam 2200000uu 4500
001    13399113915
003     ULIB
008    120113s2551||||th 000 0 tha d
020    ^a9789741091461
090    ^aนว.^bก831ก 2551
100 0  ^aเก้าแต้ม
245 00 ^aเกมรักกลเสน่หา/^cเก้าแต้ม
250    ^aพิมพ์ครั้งที่ 1
260    ^aกรุงเทพฯ :^bsugar beat,^c2551
300    ^a244 หน้า
945    ^p160^l0^i15410
995    ^aกัณชพร
999    ^aใช้งานได้ทุกระบบ
รายการนี้ยังไม่มีแท็ก
คุณยังไม่ได้ล็อกอิน คุณสามารถมีกิจกรรมร่วมกับเว็บไซต์ได้ แต่ต้องล็อกอินก่อน ::
  ล็อกอิน

รายการสื่อสารสนเทศ

ลำดับที่ ประเภท เลขเรียก/บาร์โค้ด สถานที่ สถานะ
1. นวนิยาย
นวนิยาย
นว. ก831ก 2551  
  Barcode: 15410
ห้องสมุดวิทยาเขตสวรรค์ประชารักษ์
►นวนิยาย
บนชั้น
  ขอยืม

รายการใกล้เคียง
    ผู้แต่ง [เก้าแต้ม]

BibComment


ยังไม่เคยถูกคอมเมนท์

คอมเมนท์ทรัพยากรรายการนี้
  คอมเมนท์: เกมรักกลเสน่หา เ..


 Copyright 2026. Bcnsprnw @Library